Ramsey / Sleeper architectural graphics standards / (Record no. 26497)
[ view plain ]
| 000 -LEADER | |
|---|---|
| fixed length control field | 01444cam a22003495a 4500 |
| 001 - CONTROL NUMBER | |
| control field | 11960045 |
| 005 - DATE AND TIME OF LATEST TRANSACTION | |
| control field | 20180411122747.0 |
| 008 - FIXED-LENGTH DATA ELEMENTS--GENERAL INFORMATION | |
| fixed length control field | 000331t2000 nyua frb 001 0 eng d |
| 020 ## - INTERNATIONAL STANDARD BOOK NUMBER | |
| International Standard Book Number | 0471348171 |
| 020 ## - INTERNATIONAL STANDARD BOOK NUMBER | |
| International Standard Book Number | 9780471348177 |
| 040 ## - CATALOGING SOURCE | |
| Original cataloging agency | DLC |
| Transcribing agency | DLC |
| Modifying agency | DLC |
| -- | EG-ScBUE |
| Language of cataloging | eng |
| 082 04 - DEWEY DECIMAL CLASSIFICATION NUMBER | |
| Classification number | 692.2 |
| Edition number | 22 |
| Item number | RAM |
| 100 1# - MAIN ENTRY--PERSONAL NAME | |
| Personal name | Ramsey, Charles George, |
| Dates associated with a name | 1884-1963. |
| 240 10 - UNIFORM TITLE | |
| Uniform title | <a href="Architectural graphic standards.">Architectural graphic standards.</a> |
| Form subheading | Selections |
| 245 10 - TITLE STATEMENT | |
| Title | Ramsey / Sleeper architectural graphics standards / |
| Statement of responsibility, etc | editor-in-chief John Ray Hoke, Jr., student edition editor Bruce Bassler. |
| 250 ## - EDITION STATEMENT | |
| Edition statement | Student ed. |
| 250 ## - EDITION STATEMENT | |
| Edition statement | An abridgment of the ninth ed. |
| 260 ## - PUBLICATION, DISTRIBUTION, ETC. (IMPRINT) | |
| Place of publication, distribution, etc | New York : |
| Name of publisher, distributor, etc | John Wiley & Sons, |
| Date of publication, distribution, etc | c.2000. |
| 300 ## - PHYSICAL DESCRIPTION | |
| Extent | ix, 553 p. : |
| Other physical details | ill. ; |
| Dimensions | 29 cm. |
| 504 ## - BIBLIOGRAPHY, ETC. NOTE | |
| Bibliography, etc | Includes bibliographical references and index. |
| 650 #7 - SUBJECT ADDED ENTRY--TOPICAL TERM | |
| Topical term or geographic name as entry element | Building |
| General subdivision | Details |
| Form subdivision | Drawings. |
| Source of heading or term | BUEsh |
| 9 (RLIN) | 37733 |
| 650 #7 - SUBJECT ADDED ENTRY--TOPICAL TERM | |
| Topical term or geographic name as entry element | Building |
| General subdivision | Details |
| -- | Drawings |
| -- | Standards. |
| Source of heading or term | BUEsh |
| 653 ## - INDEX TERM--UNCONTROLLED | |
| Resource For college | Generalities |
| -- | Engineering, Architecture |
| Arrived date list | April2018 |
| 700 1# - ADDED ENTRY--PERSONAL NAME | |
| Personal name | Sleeper, Harold Reeve, |
| Dates associated with a name | 1893-1960. |
| 700 1# - ADDED ENTRY--PERSONAL NAME | |
| Personal name | Hoke, John Ray, |
| Dates associated with a name | 1950- |
| 700 1# - ADDED ENTRY--PERSONAL NAME | |
| Personal name | Bassler, Bruce L. |
| 710 2# - ADDED ENTRY--CORPORATE NAME | |
| Corporate name or jurisdiction name as entry element | American Institute of Architects. |
| 856 42 - ELECTRONIC LOCATION AND ACCESS | |
| Materials specified | Publisher description |
| Uniform Resource Identifier | <a href="http://www.loc.gov/catdir/description/wiley037/00038203.html">http://www.loc.gov/catdir/description/wiley037/00038203.html</a> |
| 856 4# - ELECTRONIC LOCATION AND ACCESS | |
| Materials specified | Table of Contents |
| Uniform Resource Identifier | <a href="http://www.loc.gov/catdir/toc/onix05/00038203.html">http://www.loc.gov/catdir/toc/onix05/00038203.html</a> |
| 856 42 - ELECTRONIC LOCATION AND ACCESS | |
| Materials specified | Contributor biographical information |
| Uniform Resource Identifier | <a href="http://www.loc.gov/catdir/enhancements/fy0808/00038203-b.html">http://www.loc.gov/catdir/enhancements/fy0808/00038203-b.html</a> |
| 942 ## - ADDED ENTRY ELEMENTS (KOHA) | |
| Source of classification or shelving scheme | Dewey Decimal Classification |
| Withdrawn status | Item status | Source of classification or shelving scheme | Damaged status | Not for loan | Home library | Current library | Shelving location | Date acquired | Total Checkouts | Full call number | Barcode | Date last seen | Koha item type |
|---|---|---|---|---|---|---|---|---|---|---|---|---|---|
| Dewey Decimal Classification | Central Library | Central Library | First floor | 11/04/2018 | 692.2 RAM | 000047588 | 15/07/2025 | Book - Borrowing |